000 00672nam a2200229Ia 4500
003 OSt
005 20220918230914.0
006 a|||||r|||| 00| 0
007 ta
008 220917b |||||||| |||| 00| 0 eng d
024 _a261,519
037 _cTextual
040 _aARTS
_cARTS
_beng
041 _2eng
_aeng
082 _aX9J771:96v1:N5, K2
100 _aTurner H A
_9153499
245 0 _aTrade union growth structure and policy
_b comparative study of the cotton union
260 _aLondon
_bGeorge Allen and Unwin Ltd.
_c1962
650 _aECONOMICS
942 _hX9J771:96v1:N5, K2
_cTEXL
_2CC
999 _c289267
_d289267